000 00428nam a2200181Ia 4500
001 11075
005 20260306161919.0
008 260306t1985||||xx |||||||||||||| ||spa||
041 _aESP
082 _a985.02
_bM95
100 _aMunda, Salvatore
_eAUT
245 0 _aEl asesinato de Francisco Pizarro
260 _c1985
300 _a190 páginas :
_c20 cm.
650 _aGEN
654 _aCHU
942 _cLIB
_dJUS
_fJUS
_2ddc
_n
999 _c11075
_d11075